000 00403nam a2200169Ia 4500
008 230524s9999 xx 000 0 und d
020 _a0071184589
082 _a5.1
_bROG
100 _aRoger S.Pressman
245 0 _aSoftware Engineering
250 _a5TH
260 _aNEW DELHI
_bM.C.Growhill
_c2001
300 _aXXVIII;860
500 _aQuantity Number: 30
650 _aComp-Sc
942 _cBK
999 _c23872
_d23872